Additional Mathematics SPM

Bibliographic Details
Main Author: Lan, Foo Huat
Other Authors: Yong, Kien Cheng
Format: Book
Language:English
Published: Petaling Jaya Pearson Malaysia 2011
Series:Longman essential series
Subjects:
LEADER 00838cam a2200241 a 4500
001 0000131109
005 20120125090000.0
040 |a mod 
041 |a eng 
020 |a 9789673603701 
090 0 0 |a 510.76  |b LAN  |e 2011 
100 1 |a Lan, Foo Huat 
245 1 0 |a Additional Mathematics SPM  |c Lan Foo Huat, Yong Kien Cheng 
260 |a Petaling Jaya  |b Pearson Malaysia  |c 2011 
300 |a xiv, 498 p.  |b ill. (some col.)  |c 26 cm 
490 0 |a Longman essential series 
500 |a Includes questions and answers 
650 0 0 |a Revision guide 
650 0 0 |a Mathematics  |x Problems, exercises, etc 
700 1 |a Yong, Kien Cheng 
852 0 0 |a 01 
999 |a 0000040758  |b Royal Military College  |d BOOKS  |e Umum  |f Royal Military College  |j AVAILABLE  |q GOOD CONDITION 
999 |a 0292086  |b KDSI TG PENGELIH  |d BOOKS  |e Buku Teks  |f KD SULTAN ISMAIL  |j AVAILABLE  |q GOOD CONDITION